Modern critical thought (Record no. 283)

MARC details
000 -LEADER
fixed length control field 00431 a2200169 4500
001 - CONTROL NUMBER
control field 066091
003 - CONTROL NUMBER IDENTIFIER
control field OSt
005 - DATE AND TIME OF LATEST TRANSACTION
control field 20210909171145.0
008 - FIXED-LENGTH DATA ELEMENTS--GENERAL INFORMATION
fixed length control field
082 ## - DEWEY DECIMAL CLASSIFICATION NUMBER
Classification number 160
Item number M72M
245 1# - TITLE STATEMENT
Title Modern critical thought
Statement of responsibility, etc edited by Milne Drew
260 ## - PUBLICATION, DISTRIBUTION, ETC. (IMPRINT)
Place of publication, distribution, etc USA
Name of publisher, distributor, etc Blackwell
Date of publication, distribution, etc 2003
300 ## - PHYSICAL DESCRIPTION
Extent 372p.
690 ## - LOCAL SUBJECT ADDED ENTRY--TOPICAL TERM (OCLC, RLIN)
Topical term or geographic name as entry element Philosophy, Modern; Criticism (Philosophy)
700 ## - ADDED ENTRY--PERSONAL NAME
Relator term Drew, Milne, ed.
942 ## - ADDED ENTRY ELEMENTS (KOHA)
Source of classification or shelving scheme Dewey Decimal Classification
Koha item type Books
Holdings
Withdrawn status Lost status Source of classification or shelving scheme Damaged status Not for loan Collection code Home library Current library Date acquired Source of acquisition Cost, normal purchase price Total Checkouts Full call number Barcode Date last seen Date checked out Price effective from Koha item type
    Dewey Decimal Classification     General Text Book Central University Of Rajasthan Central University Of Rajasthan 07/03/2012 ENG 2177.00 1 160 M72M 377 21/11/2024 27/07/2022 02/09/2020 Books